000 00546cam a2200181 4500500
005 20260329004023.0
041 _afre
042 _adc
100 1 0 _aGuillot, Apolline
_eauthor
245 0 0 _aRomans et nouvelles: (1959-1977)
260 _c2017.
500 _a43
690 _aNew York
690 _aPhilip Roth
690 _aPortnoy
786 0 _nPhilosophie magazine | 115 | 12-1 | 2017-12-01 | p. 65-65 | 1951-1787
856 4 1 _uhttps://shs.cairn.info/magazine-philosophie-magazine-2017-12-1-page-65?lang=fr&redirect-ssocas=7080
999 _c1829827
_d1829827